Najcennejšia hodnota - život v mieri Zamyslenie sa nad zahraničnou politikou Československa v roku 1983

Bibliographic Details
Main Author: Nittmann, Rudolf, 1928-1988 (Author)
Format: Article
Language:Slovak
Subjects:

MARC

LEADER 00000nab a2200000 a 4500
001 vtls000172316
003 SK-MaSNL
005 20260304180917.0
008 111104c1983 xo 0 slo
015 |a SNBRB19rr/mm-uuuuu 
035 |a CL0182428 
040 |a SNKBUCL  |b slo  |c SNKBUCL  |e AACR2 
041 0 |a slo 
044 |a xo  |c SK 
080 |a 327(437)  |2 1981 
100 1 |a Nittmann, Rudolf,  |d 1928-1988  |4 aut  |9 193873 
245 1 0 |a Najcennejšia hodnota - život v mieri  |b Zamyslenie sa nad zahraničnou politikou Československa v roku 1983  |c Rudolf Nittmann 
650 0 7 |a ČSSR  |2 snkbucl  |9 335647 
650 0 7 |a zahraničná politika  |2 snkbucl  |9 971 
655 7 |a články z novín a časopisov  |2 snkbucl  |9 267496 
773 0 |t Pravda  |g Roč. 64, č. 309 (31. 12. 1983), s. 4 
850 |a Slovenská národná knižnica v Martine  |a MTA001 
852 |a SNK  |b KIS3GCP 
958 |a RK 
992 |a RBX 
999 |c 3020573  |d 3022503